| 000 | 00340nam a22001457a 4500 | ||
|---|---|---|---|
| 003 | OSt | ||
| 005 | 20231026052703.0 | ||
| 008 | 231026b |||||||| |||| 00| 0 eng d | ||
| 040 | _cIIMT UNIVERSITY | ||
| 100 | _aPADDOR, HANUMANPRASAD | ||
| 245 | _aAMRIT KAN | ||
| 260 |
_aGORAKHPUR _bGEETA PRESS _cS.2039 |
||
| 300 | _a504 | ||
| 942 |
_2ddc _c09 |
||
| 999 |
_c57534 _d57534 |
||